00317 a2200109 4500001000700000020000600007040001100013100002500024240007700049245007200126362000900198170014 a  cMagnum aDeheinzelin, Monique10aA fome com a vontade de comer: uma proposta curicular de educ. inf.lpor10aA fome com a vontade de comer: uma proposta curicular de educ. inf.0 a1899